[Event "Oberfranken-ch M 0607"]
[Site "Schney"]
[Date "2007.01.02"]
[Round "1"]
[White "Breithut, Kurt Georg"]
[Black "Dimitrov, Dimitre"]
[Result "1-0"]
[WhiteElo "2085"]
[BlackElo "1887"]
[PlyCount "95"]
[EventDate "2007.01.02"]
[EventType "swiss"]
[EventRounds "9"]
[EventCountry "GER"]
[SourceTitle "EXT 2015"]
[Source "ChessBase"]
[SourceDate "2014.11.20"]
[SourceVersion "1"]
[SourceVersionDate "2014.11.20"]
[SourceQuality "1"]

1. e4 c5 2. Nf3 d6 3. Bb5+ Bd7 4. Bxd7+ Nxd7 5. 0-0 g6 6. c3 Ngf6 7. Qe2 Bg7 8. d4 0-0 9. e5 Ne8 10. Bg5 f6 11. exf6 exf6 12. Bf4 Kh8 13. Na3 a6 14. Rad1 g5 15. Bc1 Qc7 16. Rfe1 Qc6 17. dxc5 dxc5 18. Qe7 Nb6 19. Re6 Nc8 20. Rxc6 Nxe7 21. Rb6 Nf5 22. Rxb7 g4 23. Ne1 Ned6 24. Rd7 Rfe8 25. Kf1 Bf8 26. Bf4 Red8 27. Rxd8 Rxd8 28. Nc4 Kg8 29. Nc2 Kf7 30. N2e3 Nxe3+ 31. Bxe3 Nb7 32. Rxd8 Nxd8 33. Ke2 Ne6 34. Kd3 h5 35. Ke4 Nc7 36. Bf4 Ne6 37. Bb8 h4 38. Kf5 h3 39. g3 Ng5 40. Kxg4 Ne4 41. Kxh3 Nxf2+ 42. Kg2 Nd3 43. Kf3 Ke6 44. Ke2 Nc1+ 45. Kd1 Nxa2 46. Bf4 Kd5 47. Nd2 c4 48. Kc2 1-0